000 00745nam a2200217Ii 4500
003 JO-AjNU
008 230605s9999||||xx |||||||||||||| ||und||
017 _a2007/8/2693
040 _aJO-AjNU
_bara
_erda
_cJO-AjNU
041 _aara
050 1 4 _aPJ6166.A28 2008
100 3 _aتاليف أبو زيد،زيد موسى؛م.مشارك ياسر خالد سلامة؛تدقيق سناء خضير,
_eauthor
_923324
245 0 0 _aالابداع في الإنشاء
250 _aط1
264 3 1 _aعمان: دار الجنان،2007
300 _a249ص
336 _atext
_btxt
_2rdacontent
337 _aunmediated
_bn
_2rdamedia
338 _avolume
_bnc
_2rdacarrier
650 4 _aأساليب الكتابة-اللغة العربية
_923325
999 _aA8418
_c11986
_d11986